KörperSpuren : Zur Dekonstruktion von Körper und Behinderung in biografischen Erzählungen von Frauen.

Bibliographic Details
Main Author: Bruner, Claudia Franziska.
Format: eBook
Language:German
Published: Bielefeld : transcript, 2015.
Edition:1st ed.
Series:KörperKulturen
Subjects:
Online Access:Click to View
LEADER 06492nam a22004093i 4500
001 EBC6955650
003 MiAaPQ
005 20231204023222.0
006 m o d |
007 cr cnu||||||||
008 231204s2015 xx o ||||0 ger d
020 |a 9783839402986  |q (electronic bk.) 
020 |z 9783899422986 
035 |a (MiAaPQ)EBC6955650 
035 |a (Au-PeEL)EBL6955650 
035 |a (OCoLC)1049913797 
040 |a MiAaPQ  |b eng  |e rda  |e pn  |c MiAaPQ  |d MiAaPQ 
100 1 |a Bruner, Claudia Franziska. 
245 1 0 |a KörperSpuren :  |b Zur Dekonstruktion von Körper und Behinderung in biografischen Erzählungen von Frauen. 
250 |a 1st ed. 
264 1 |a Bielefeld :  |b transcript,  |c 2015. 
264 4 |c {copy}2015. 
300 |a 1 online resource (314 pages) 
336 |a text  |b txt  |2 rdacontent 
337 |a computer  |b c  |2 rdamedia 
338 |a online resource  |b cr  |2 rdacarrier 
490 1 |a KörperKulturen 
505 0 |a Cover KörperSpuren -- Inhalt -- 1 Einführung -- 1.1 The Long and Winding Road - ein Stück biografischer Selbstbespiegelung -- 1.2 Perspektiven der Fragestellung und Forschungskontext -- 2 Theoretischer Bezugsrahmen -- 2.1 Wegkreuzungen: Wohin führen die Disability Studies? -- 2.2 Auf dem Weg zu einem sozialen Modell von Behinderung -- Talcott Parsons und Erving Goffman revisited -- Die unvollendete Überwindung des medizinischen Modells -- 2.3 Auf den Spuren eines differenztheoretischen Körperdiskurses -- Diskurspraxis als Provokation der Behinderung -- Zur Diskursformation Körper und Geschlecht -- Von der Vielfalt zur Differenz -- 2.4 Disability Studies auf den Weg gebracht -- Für einen Linguistic Turn in den Disability Studies -- Behinderte Identitätspolitik: Vom autonomen zum postsouveränen Subjekt -- Körper melden sich zu Wort: Körper zwischen Natur und Kultur -- 2.5 Disability Studies als Cultural Studies -- 2.6 Zusammenfassung -- 3 Methodische Umsetzung -- 3.1 Anmerkungen zur methodischen Umsetzung -- 3.2 Die Datengrundlage: Narrativ-biografische Interviews -- 3.3 Die Pretestphase und das antizipierte Problem der anwesenden Körper -- 3.4 Das Sample: Zur Auswahl der Interviewpartnerinnen -- 3.5 Aufbau und Ablauf der narrativ-biografischen Interviews -- 3.6 Die Aufbereitung des Datenmaterials -- Die Transkription -- Anonymisierung -- Ereignisdaten -- Sequenzierung der Gesamttexte -- 3.7 Die Auswertungsstrategie -- 4 Die Portraits -- 4.1 Zum auswertungstechnischen Stellenwert der Portraits -- 4.2 Die acht Frauen -- Anneliese Baumgartner - „Inzwischen ist das Dorf kuriert" -- Roswitha Schultze - „In diesen Jahren habe ich eine gewisse Härte aufgebaut" -- Sabine Berndl - „Da muss man einfach Körpereinsatz bringen" -- Cornelia Wolf - „Meine ganz normalen Teenagerkrankheiten" -- Ramona Berger - „Ich dachte immer schon, ich bin sehr rebellisch". 
505 8 |a Ulrike Glas - „Die haben in ganz Deutschland eine Schule für mich gesucht" -- Martina Peters - „Ich bin da irgendwie so reingerutscht" -- Julia Eichinger - „Ich wäre gern gesund. Aber mit den Eigenschaften, die ich jetzt habe" -- 5 Sequenzanalyse Roswitha Schultze -- 5.1 Begründung der Auswahl -- 5.2 Sequenzanalyse -- Die Eingangserzählung: Akteurin des eigenen Lebens -- Innerfamiliale Grenzziehungen: Vergleichsmaßstäbe für die Selbstpositionierung -- Barriere Elternhaus: Körperkontrollen -- Die Mutter im Blick: Kommunikationsbarrieren -- Die behinderte Tochter I: Tabu Körper -- Die behinderte Tochter II: Das aberkannte Geschlecht -- Ambivalente Heimerfahrung I: Abgeschoben in ein eigenständiges Leben -- Gelebte Sexualität als Emanzipationsvehikel -- Independent Living: Allmählich auf eigenen Füßen stehen -- Geschwisterbeziehungen: Differenzsetzungen und Bündnisschließungen -- Elternzeugnis: Erziehungsschwächen mit und ohne Behinderung -- Postnatale Diagnostik: Verhandlungen über die behinderte Tochter -- Ambivalente Heimerfahrung II: Erzwungene Selbstsozialisation -- Selbstbestimmtes Engagement I: Die religiöse Phase -- Erste Integrationserfahrungen: Neujustierte Verhältnisse -- Lesarten des Körpers I: Die Macht des medizinischen Diskurses -- Lesarten des Körpers II: Die Macht des Gender- und Sexualitäts-Diskurses -- Lesarten des Körpers III: Die Definitionsmacht der Mutter -- Geschwistervergleiche: Bruder und Schwester als Spiegelbilder -- Eine integrativ erfolgreiche Eingemeindung -- Selbstbestimmtes Engagement II: Die politische Phase -- Identitätssuche: Die esoterische Phase -- Identität, Körper und Geschlecht: Selbstkonzeptionen -- Die Taufe als Körpererlebnis -- Zwischen Rollstuhl und Prothesen: (De)Mobilisierungen des Körpers -- Verhinderte Freundschaften: Behinderung als Zumutung -- Heimrecht: Anerkennung territorialer Souveränität. 
505 8 |a Körpererfahrungen: Entdecke die Möglichkeiten -- 5.3 Zusammenfassung -- 6 Ein Blick auf ausgewählte Textpassagen aller Interviews -- 6.1 Zum Wechsel der Auswertungsperspektive -- 6.2 Feinanalysen -- Elternhaus und Institutionen - Trennungserfahrungen und Ablösungsprozesse -- Den defizitären Körper ins Spiel gebracht -- Divergierende Körperkonzepte - anders sein will gelernt sein! -- Die Ambivalenz einer notwendigen Selbstbefreiung -- Normalisierungsfalle Hilfsmittel: Die Grenzen des Fortschritts -- Die (gynäkologische) Herstellung von Behinderung und Geschlecht -- Bildungskarriere: Behinderung als Verhinderung -- Bedeutungsverschiebungen im Integrationsdiskurs -- Positionierungskämpfe jenseits der Behinderung -- Die situative Umkehrung der Verhältnisse -- Konkurrierende Körper: Hierarchisierung statt Solidarität -- Behinderte Körper(selbst)wahrnehmung und verhinderte Weiblichkeit -- Der strategische Einsatz des behinderten Körpers -- Diskursinterdependenzen -- 6.3 Zusammenfassung -- 7 Fazit -- Literatur -- Anhang -- Danksagung. 
588 |a Description based on publisher supplied metadata and other sources. 
590 |a Electronic reproduction. Ann Arbor, Michigan : ProQuest Ebook Central, 2023. Available via World Wide Web. Access may be limited to ProQuest Ebook Central affiliated libraries.  
655 4 |a Electronic books. 
776 0 8 |i Print version:  |a Bruner, Claudia Franziska  |t KörperSpuren  |d Bielefeld : transcript,c2015  |z 9783899422986 
797 2 |a ProQuest (Firm) 
830 0 |a KörperKulturen 
856 4 0 |u https://ebookcentral.proquest.com/lib/matrademy/detail.action?docID=6955650  |z Click to View